000 00689nam a2200277Ia 4500
005 20260324120304.0
008 008 260324s9999 xx 000 0 eng d
020 _a9781315749631
037 _aEBOOK
040 _aCRL
040 _beng
040 _cCRL
041 _2eng
041 _aeng
084 _qCRL
100 _aMargaret M. Baguley; Yvonne S. Findlay; Martin C. Kerby
_91157973
245 0 _aMeanings and Motivation in Education Research
260 _bTaylor and Francis
260 _c2015
365 _a
365 _b265
856 _uhttp://www.taylorfrancis.com/books/9781315749631
942 _cEBOOK
999 _c1749429
_d1749429